The Superheterodyne receiver / (Record no. 183715)
[ view plain ]
| 000 -LEADER | |
|---|---|
| fixed length control field | 00915 a2200193 4500 |
| 003 - CONTROL NUMBER IDENTIFIER | |
| control field | Nust |
| 005 - DATE AND TIME OF LATEST TRANSACTION | |
| control field | 20221222123254.0 |
| 040 ## - CATALOGING SOURCE | |
| Transcribing agency | Nust |
| 082 ## - DEWEY DECIMAL CLASSIFICATION NUMBER | |
| Classification number | 621.384,WIT |
| 100 ## - MAIN ENTRY--PERSONAL NAME | |
| Personal name | Alfred T Witts |
| 9 (RLIN) | 105454 |
| 245 ## - TITLE STATEMENT | |
| Title | The Superheterodyne receiver / |
| Statement of responsibility, etc. | Alfred T Witts |
| 250 ## - EDITION STATEMENT | |
| Edition statement | 6th ed |
| 260 ## - PUBLICATION, DISTRIBUTION, ETC. | |
| Place of publication, distribution, etc. | Sir Isaac Pitaman |
| Name of publisher, distributor, etc. | London |
| Date of publication, distribution, etc. | 1944 |
| 300 ## - PHYSICAL DESCRIPTION | |
| Extent | viii, 208 p |
| Other physical details | illus |
| Dimensions | 24 cm |
| 505 ## - FORMATTED CONTENTS NOTE | |
| Formatted contents note | The Evolution of the Superheterodyne Receiver (Page-1), Post War Developments (Page-12), The General Principles of Superheterodyyne Reception (Page-22), Problems of the Superheterodyne Receiver (Page-43), Frequency Changing (Page-90), Automatic Volume Control (Page-120), Some Modern Superheterodyne Receivers (Page-138), Maintenance of Supereterodyne Receivers (Page-169), The Television Superheterodyn (Page-182). |
| 600 ## - SUBJECT ADDED ENTRY--PERSONAL NAME | |
| Personal name | Alfred T Witts |
| 9 (RLIN) | 105454 |
| 650 ## - SUBJECT ADDED ENTRY--TOPICAL TERM | |
| Topical term or geographic name entry element | The Superheterodyne receiver |
| 9 (RLIN) | 105455 |
| 942 ## - ADDED ENTRY ELEMENTS (KOHA) | |
| Source of classification or shelving scheme | |
| Koha item type | Book |
| Withdrawn status | Lost status | Source of classification or shelving scheme | Damaged status | Not for loan | Permanent Location | Current Location | Shelving location | Date acquired | Full call number | Barcode | Date last seen | Price effective from | Koha item type | Public note |
|---|---|---|---|---|---|---|---|---|---|---|---|---|---|---|
| Military College of Signals (MCS) | Military College of Signals (MCS) | General Stacks | 12/12/2016 | 621.384,WIT | MCS6932 | 12/08/2016 | 12/12/2016 | Book | Almirah No.38, Shelf No.4 | |||||
| Military College of Signals (MCS) | Military College of Signals (MCS) | General Stacks | 12/12/2016 | 621.384,WIT | MCS6956 | 12/08/2016 | 12/12/2016 | Book | Almirah No.38, Shelf No.4 |
